L'effectif professionnel de l'AJ Auxerre 2024-2025 - Statistiques

Statistiques générales
  • Ce quiz a été pris 35 fois
    13 depuis la dernière actualisation
  • Le résultat moyen est 20 sur 27
Statistiques - réponses
Hint Réponse % Correct
G Donovan Léon
100%
ATT Gaëtan Perrin
100%
DEF Jubal
100%
DEF Gideon Mensah
86%
MIL Han-Noah Massengo
86%
ATT Lassine Sinayoko
86%
DEF Paul Joly
86%
G Raphaël Adicéam
86%
ATT Théo Bair
86%
G Théo de Percin
86%
G Thomas Negrel
86%
ATT Ado Onaiwu
71%
MIL Assane Dioussé
71%
DEF Clément Akpa
71%
MIL Elisha Owusu
71%
ATT Eros Maddy
71%
ATT Florian Ayé
71%
DEF Gabriel Osho
71%
MIL Hamed Jr Traoré
71%
MIL Kévin Danois
71%
DEF Ki-Jana Hoever
71%
DEF Sinaly Diomandé
71%
DEF Ange-Loïc N'Gatta
57%
MIL Lasso Coulibaly
57%
MIL Nathan Buayi-Kiala
57%
DEF Frederik Oppegard
43%
MIL Aristide Zoussou
14%
Aucun quiz correspondant
Distribution des résultats
% des personnes avec chaque résultat
Percentile par nombre de réponses
Votre historique - résultats
Vous n’avez pas pris ce quiz depuis la dernière actualisation